Nigaristan, 26 Adabi Maqalon Aur Afsanon Ka Majmua (Record no. 1165)

MARC details
000 -LEADER
fixed length control field 00626nam a2200253 a 4500
020 ## - INTERNATIONAL STANDARD BOOK NUMBER
ISBN
082 00 - DEWEY DECIMAL CLASSIFICATION NUMBER
Classification number 891.4
Author Cutter NIY
100 ## - MAIN ENTRY--AUTHOR NAME
Author name Niyaz, Fatehpuri
245 ## - TITLE STATEMENT
Title Nigaristan, 26 Adabi Maqalon Aur Afsanon Ka Majmua
260 ## - PUBLICATION, DISTRIBUTION, ETC. (IMPRINT)
Place of publication Lucknow
Name of publisher Naseem Book Depo
Year of publication 0000
300 ## - PHYSICAL DESCRIPTION
Number of Pages 318p
500 ## - GENERAL NOTE
General note includes index and biblioraphy
505 2# - FORMATTED CONTENTS NOTE
Formatted contents note Bibliography
650 ## - SUBJECT ADDED ENTRY--TOPICAL TERM
Topical Term Urdu-Prose
650 ## - SUBJECT ADDED ENTRY--TOPICAL TERM
Topical Term Urdu-Fiction
942 ## - ADDED ENTRY ELEMENTS (KOHA)
Koha item type Books
700 1# -
-- Niyaz, Fatehpuri
Holdings
Collection code Home library Current library Date acquired Cost, normal purchase price Full call number Accession Number Koha item type
  Henry Martyn Institute Library Henry Martyn Institute Library 06/15/2007 4.00 891.4 NIY 03565 Books
                   Copyright © 2026 | Henry Martyn Institute | Hyderabad | TS-500052 | INDIA | Implemented by hmi.edu.in
Hit-Count:

Powered by Koha